|
|
|
|
| LEADER |
00805nab#a2200301#ar4500 |
| 001 |
000090682 |
| 003 |
SVKKK |
| 005 |
20080801094454.0 |
| 008 |
080723c1993 xo |||||||||||||||b|slo |
| FMT |
|
|
|
| 038 |
|
|
|a SVKKK
|
| 040 |
|
|
|a SVKKK
|b slo
|e AACR2
|
| 041 |
0 |
|
|a slo
|
| 044 |
|
|
|a xo
|c SK
|
| 080 |
|
|
|a 796.4
|2 1997
|
| 245 |
1 |
0 |
|a Teplo vyšťavilo
|b na medzinárodnom mítingu v Košiciach tristo atlétov
|c [autor] (m)
|
| 300 |
|
|
|b Obr.
|
| 611 |
2 |
4 |
|a Košice 93
|n (22. :
|d 1993 :
|c Košice, Slovensko)
|
| 650 |
0 |
4 |
|a atletika
|x medzinárodné mítingy
|z Košice (Slovensko)
|
| 655 |
|
4 |
|a retrokonverzie
|
| 773 |
0 |
|
|t Východoslovenské noviny Lúč
|g Roč. 2, č. 101 (3.5.1993), s. 7
|
| 957 |
|
|
|a 802
|
| 958 |
|
|
|a RK
|
| 974 |
|
|
|a Čr
|
| 992 |
|
|
|a RBX
|
| BAS |
|
|
|
| 852 |
|
|
|a SVKKK
|b BIB
|
| 998 |
|
|
|a REG
|